United States - Japan trade : Issue and problems
Gespeichert in:
| Format: | Buch |
|---|---|
| Sprache: | Undetermined |
| Veröffentlicht: |
Washington, D. C.
Comptroller General of the United States
1979
|
| Tags: |
Tag hinzufügen
Keine Tags, Fügen Sie den ersten Tag hinzu!
|
| Thư viện lưu trữ: | Trung tâm Học liệu Trường Đại học Cần Thơ |
|---|
| LEADER | 00442nam a2200157Ia 4500 | ||
|---|---|---|---|
| 001 | CTU_86560 | ||
| 008 | 210402s9999 xx 000 0 und d | ||
| 082 | |a 337.1 | ||
| 082 | |b U58 | ||
| 245 | 0 | |a United States - Japan trade : | |
| 245 | 0 | |b Issue and problems | |
| 260 | |a Washington, D. C. | ||
| 260 | |b Comptroller General of the United States | ||
| 260 | |c 1979 | ||
| 904 | |i Trúc | ||
| 980 | |a Trung tâm Học liệu Trường Đại học Cần Thơ | ||